000 nam a22 7a 4500
999 _c9229
_d9229
008 180124b ||||| |||| 00| 0 eng d
100 _aFutehally, L
_95487
245 _aOur Environment
260 _aNew Delhi
_bArya Publication
_c2000